Joey Tribbiani Quotes Quiz Stats

Quiz Updated Mar 30, 2016

Challenge
Share
Tweet
Embed
Score 0/25 Timer 10:00
14 Plays Today
% Correct
TV
93.6%
Operas
93.3%
Moo
91.4%
Chuck
90.9%
Commando
90.1%
Read
89.2%
Netherlands
89.1%
Blonde
88.4%
Nipples
88.1%
Bread
87.6%
Whack
86.4%
Caress
85%
Dinosaur
81%
% Correct
Pants
80%
Towel
78.7%
Butt
75.5%
Geometry
75.4%
Jello
68%
Honesty
63.7%
Ghost
62.3%
Nubbin
59.4%
Fruit
47.8%
Goo
44%
Jurassic
40.9%
Corsages
38.2%

You're not logged in!

Compare scores with friends on all Sporcle quizzes.
Sign Up with Email
OR
Log In

You Might Also Like...

Show Comments

Extras

Top Quizzes Today


Score Distribution

Your Account Isn't Verified!

In order to create a playlist on Sporcle, you need to verify the email address you used during registration. Go to your Sporcle Settings to finish the process.